La mutilacin̤ genital femenina en Espaą Contexto, proteccin̤ e intervencin̤ para su eliminacin̤ /

Bibliographic Details
Main Author: Serrano Garca̕, Juana Mara̕
Format: eBook
Language:Spanish
Published: Madrid: Dykinson, 2018
Subjects:
Online Access:Acceso restringido

MARC

LEADER 00000nam a22000007a 4500
005 2018110302082.0
007 cr|||| ||||
008 181103s2018 es |||||s|||| 00||0 spa d
020 |a 978-84-9148-643-5 
035 |a 22329 
040 |a vLex 
090 |c 8283  |d 8283 
100 1 |a Serrano Garca̕, Juana Mara̕ 
245 1 2 |a La mutilacin̤ genital femenina en Espaą  |h [Recurso electrn̤ico] :  |b Contexto, proteccin̤ e intervencin̤ para su eliminacin̤ /  |c Juana Mara̕ Serrano Garca̕ 
256 |a Servicio en ln̕ea 
260 |a Madrid:  |b Dykinson,  |c 2018 
300 |a 1 recurso electrn̤ico 
506 1 |a Disponible solo en los productos indicados  |d vLex Global  |d vLex Global (Academic Edition, excluding Law Schools)  |d vLex Global (U.S. Academic Edition, Law Schools)  |d vLex Global (U.S. Academic Edition, excluding Law Schools)  |d vLex Global (Academic Edition, Law Schools) 
650 0 4 |a Derecho Militar  |z Espaą 
740 0 |a vLex Libros (Servicio en ln̕ea) 
856 4 0 |u http://vlex.com/source/mutilacion-genital-femenina-en-espa-a-contexto-proteccion-e-intervencion-para-su-eliminacion-22329  |z Acceso restringido 
942 |c BOOK 
999 0 |a Military Law